L'interaction democratie et developpement / (Record no. 22335)
[ view plain ]
| 000 -LEADER | |
|---|---|
| fixed length control field | 00396nam a2200145Ia 4500 |
| 040 ## - CATALOGING SOURCE | |
| Transcribing agency | IWA |
| 082 ## - DEWEY DECIMAL CLASSIFICATION NUMBER | |
| Classification number | 324 BOU 2002 C260 Or. |
| 100 1# - MAIN ENTRY--AUTHOR NAME | |
| Personal name | Boutros-Ghali, Boutros, |
| 245 13 - TITLE STATEMENT | |
| Title | L'interaction democratie et developpement / |
| 300 ## - PHYSICAL DESCRIPTION | |
| Number of Pages | 56 pages ; |
| Dimensions | 22 cm |
| 500 ## - GENERAL NOTE | |
| General note | "United Nations publication sales number E.97.I.3." |
| 650 #0 - SUBJECT ADDED ENTRY--TOPICAL TERM | |
| Topical Term | Democracy. |
| 710 2# - ADDED ENTRY--CORPORATE NAME | |
| Corporate name or jurisdiction name as entry element | United Nations. |
| 942 ## - ADDED ENTRY ELEMENTS (KOHA) | |
| Koha item type | ADB |
| 952 ## - LOCATION AND ITEM INFORMATION (KOHA) | |
| Withdrawn status [LOCAL, KOHA] | 0 |
| Permanent Location | Date acquired | Koha item type | Lost status | Shelving location | Barcode | Current Location | Full call number |
|---|---|---|---|---|---|---|---|
| Library Block C | 2023-12-05 | ADB | C260 | A06664 | Library Block C | 324 BOU 2002 C260 Or. |